000 00354nam a2200181Ia 4500
100 _aDeitel/Paul/ Deitel/H
650 _aJava
250 _a8
942 _cBK
366 _f25
654 _ajava
245 _aJava:How to program
260 _bprentice hall
_c2010
082 _a5.133
_bDEI
300 _a1506
546 _aENGLISH
999 _c19563
_d19563